Datum a čas kvízu
17
Celkem bodů
Celkový počet nahraných bodů na tomto kvízu bez doplňovacích otázek.
13.
Pořadí na kvízu
Konečné umístění týmu na tomto kvízu.
Zaznamenané odpovědi
| # | Otázka | Odpověď | Body | Výsledky |
|---|---|---|---|---|
| 1. | Univerzita Palackého má od 1.... | Matěj Dostálek | 0 | |
| 2. | Už za dva dny bude korunován n... | Petr Fiala, Mňága a Žďorp | 0.5 | |
| 3. | Jak zní název evropské organiz... | Eureka | 0 | |
| 4. | Co do počtu studentek a studen... | třetí | 1 | |
| 5. | Na konci dubna obhájila v čern... | judo, Renata Zachová | 0.5 | |
| 6. | V roce 1620 zemřel v Olomouci... | Jan Sarkander | 0 | |
| 7. | V roce 1773 Josef II. zrušil š... | benediktíni, dominikáni a voršilky | 0 | |
| 8. | Věděli jste, že olomouckému ar... | Ludwig van Beethoven | 1 | |
| 9. | Ve kterém roce Olomouc poprvé... | C | 0 | |
| 10. | Ve kterém roce končícím nulou... | v roce 2000 | 0 |